Statistics for Which Romance Language Is It?

Click here to take the quiz!

General Stats

  • This quiz has been taken 19 times
    (18 since last reset)
  • The average score is 10 of 15

Answer Stats

QuestionAnswer% Correct
BonjourFrançais
100%
FormaggioItaliano
83%
PescareItaliano
83%
CapelliItaliano
83%
FutebolPortuguês
83%
FuegoEspañol
78%
EstrellaEspañol
78%
CléFrançais
78%
HerbeFrançais
78%
TrabalhoPortuguês
78%
BarcellonaItaliano
39%
PisteFrançais
33%
MusicaItaliano
33%
CachorroPortuguês
33%
BaguetePortuguês
11%

Score Distribution

Percentile by Number Answered

Percent of People with Each Score

Your Score History

You have not taken this quiz since the last reset